| 000 | 00410cam a2200181ua 4500 | ||
|---|---|---|---|
| 020 | _c6.00 | ||
| 041 |
_ahin _h |
||
| 082 |
_a891.54 _bFLO/AT |
||
| 100 | _aFlowbayer, Gastav . | ||
| 245 |
_aAthura swapna / _cGastav Flowbayer. _hTheses |
||
| 250 |
_a1 / _b. |
||
| 260 |
_a : _bRajpal and Sanch , _c1960. |
||
| 300 | _a479 ; . | ||
| 365 | _a6.00 | ||
| 504 | _a | ||
| 942 | _cBK | ||
| 999 |
_c6365 _d6365 |
||